| Поле | Инд. | ПП | Название | Значение |
|---|---|---|---|---|
| Тип записи | a | |||
| Библиографический уровень | m | |||
| 001 | Контрольный номер | UNIDUBNA5306e973b27e4beab52e366cb14c9345 | ||
| 005 | Дата корректировки | 20260413103856.1 | ||
| 020 | a | ISBN | 0-631-13367-4 | |
| 040 | b | Код языка каталог. | rus | |
| 041 | 0_ | a | Код языка текста | eng |
| 084 | a | Индекс другой классификации/Индекс ББК | 87 | |
| 090 | a | Полочн. индекс | 87 | |
| x | Авторский знак | W 88 | ||
| 100 | 1_ | a | Автор | Wright G. H. von |
| q | Полное имя | Wright Georg Henrik von | ||
| u | Дополнение к имени | Райт Г. Х. фон | ||
| 245 | 10 | a | Заглавие | Truth, Knowledge, and Modality |
| n | Номер части/ раздела | Volume III | ||
| 246 | 01 | a | Другая форма заглавия | Истина, знание и модальность |
| 260 | a | Место издания | New York | |
| b | Издательство | Basil Blackwell | ||
| c | Дата издания | 1984 | ||
| 300 | a | Объем | 155 p. | |
| 336 | a | Термин вида содержания | Текст | |
| 337 | a | Термин типа средства | непосредственный | |
| 650 | 04 | a | Основная рубрика | философия |
| 653 | 0_ | a | Ключевые слова | ОКНОиЭК |
| 655 | a | Жанр/ форма (устаревшее) | научное издание | |
| 901 | t | Тип документа | m | |
| 952 | a | Тип литературы для КСУ ВШ | НАУ |